000 00685nam a2200205Ia 4500
005 20230426190301.0
008 230303t2006||||xx |||||||||||||| ||und||
040 _aODONTO
_bspa
_cODONTO
_dODONTO
041 _aesp
082 _aF(116)
110 _aAprofam
_93698
245 0 _aDesarrollo humano y población :
_bcalendario demográfico 2006 /
_cAsociación Pro Bienestar de la Familia de Guatemala - APROFAM. --
260 _aGuatemala:
_bAPROFAM,
_c2006.
300 _a28 p. :
_bil. ;
_c17 cm.
650 0 2 _aPobreza
_93598
650 0 2 _aDesarrollo económico
_93984
650 0 2 _aPoblación
_94015
650 0 2 _aDemografía
_94016
942 _aBiblioteca de Odontología
_cBK
_kF(116)
_2ddc
999 _c1301
_d1301